书目信息 |
| 题名: |
中国茶文化典籍选读
|
|
| 作者: | 陈文华 主编 | |
| 分册: | ||
| 出版信息: | 南昌 江西教育出版社 2008.02 |
|
| 页数: | 228页 | |
| 开本: | 21cm | |
| 丛书名: | 中国茶文化学教程丛书 | |
| 单 册: | ||
| 中图分类: | TS971 | |
| 科图分类: | ||
| 主题词: | 茶--cha--文化--中国--古代 | |
| 电子资源: | ||
| ISBN: | 978-7-5392-4843-1 | |
| 000 | 00868nam 2200253 450 | |
| 001 | 012009997140 | |
| 005 | 20090622152040.07 | |
| 010 | @a978-7-5392-4843-1@dCNY16.00 | |
| 100 | @a20090622d2008 em y0chiy0120 ea | |
| 101 | 0 | @achi |
| 102 | @aCN@b360000 | |
| 105 | @aa z 000yy | |
| 106 | @ar | |
| 200 | 1 | @a中国茶文化典籍选读@Azhong guo cha wen hua dian ji xuan du@f陈文华主编@Fchen wen hua zhu bian |
| 210 | @a南昌@c江西教育出版社@d2008.02 | |
| 215 | @a228页@c图@d21cm | |
| 225 | 2 | @a中国茶文化学教程丛书@Azhong guo cha wen hua xue jiao cheng cong shu |
| 330 | @a本书介绍了茶文化典籍概况、唐代茶书、宋代茶书、明代茶书、清代茶书五部分内容。 | |
| 410 | 0 | @12001 @a中国茶文化学教程丛书 |
| 606 | 0 | @a茶@Acha@x文化@y中国@z古代 |
| 690 | @aTS971@v4 | |
| 701 | 0 | @a陈文华@Achen wen hua@4主编 |
| 801 | 0 | @aCN@bQSSK@c20090622 |
| 905 | @b745790-92@dTS971@eC582@f3 | |
| 中国茶文化典籍选读/陈文华主编.-南昌:江西教育出版社,2008.02 |
| 228页:图;21cm.-(中国茶文化学教程丛书) |
| ISBN 978-7-5392-4843-1:CNY16.00 |
| 本书介绍了茶文化典籍概况、唐代茶书、宋代茶书、明代茶书、清代茶书五部分内容。 |
| ● |
| 相关链接 |
|
|
|
正题名:中国茶文化典籍选读
索取号:TS971/C582
 
预约/预借
| 序号 | 登录号 | 条形码 | 馆藏地/架位号 | 状态 | 备注 |
| 1 | 745790 | 207457900 | 自科库501/501自科库 44排3列2层/ [索取号:TS971/C582] | 在馆 | |
| 2 | 745791 | 207457919 | 自科库501/501自科库 44排3列2层/ [索取号:TS971/C582] | 在馆 | |
| 3 | 745792 | 207457928 | 自科库501/501自科库 44排3列2层/ [索取号:TS971/C582] | 在馆 |